|
|
|
|
| LEADER |
00000nam1a2200000 4500 |
| 001 |
268800 |
| 005 |
20231101234211.0 |
| 035 |
|
|
|a (RuTPU)RU\TPU\book\291956
|
| 090 |
|
|
|a 268800
|
| 100 |
|
|
|a 20140909d2004 km y0rusy50 ca
|
| 101 |
0 |
|
|a rus
|
| 102 |
|
|
|a RU
|
| 200 |
1 |
|
|a Российская угольная энциклопедия
|e в 3 т.
|f Российская академия естественных наук (РАЕН) ; Международная акционерная геологическая компания
|
| 210 |
|
|
|a Москва
|a Санкт-Петербург
|c Изд-во ВСЕГЕИ
|d 2004-2007
|
| 712 |
0 |
2 |
|a Российская академия естественных наук (РАЕН)
|2 stltpush
|3 (RuTPU)RU\TPU\col\138
|
| 712 |
0 |
2 |
|a Международная акционерная геологическая компания
|2 stltpush
|3 (RuTPU)RU\TPU\col\5262
|9 24077
|
| 801 |
|
1 |
|a RU
|b 63413507
|c 20140909
|
| 801 |
|
2 |
|a RU
|b 63413507
|c 20160720
|g RCR
|
| 942 |
|
|
|c BK
|